| 000 | 02011nam a2200313 i 4500 | ||
|---|---|---|---|
| 001 | 000046179 | ||
| 003 | DO-SdBNP | ||
| 005 | 20241112093429.0 | ||
| 007 | ta | ||
| 008 | 150703s1998 dr a 000 0 spa d | ||
| 040 |
_aDO-SdBNP _bspa _cBNPHU _erda |
||
| 082 | 4 |
_a917.29303 _bA772a _222 |
|
| 245 | 0 | 0 |
_aArqueología y antropología física en la catedral de Santo Domingo / _ccoordinadores, Harold Olsen Bogaert, Eugenio Pérez Montás, Esteban Prieto Vicioso ; prólogo, Heriberto de Castro S. |
| 264 | 4 |
_aSanto Domingo : _bEditora Amigo del Hogar, _c1998. |
|
| 300 |
_a311 páginas : _bilustraciones ; _c29 cm. |
||
| 336 |
_atexto _btxt _2rdacontent |
||
| 337 |
_asin mediación _bn _2rdamedia |
||
| 338 |
_avolumen _bnc _2rdacarrier |
||
| 500 | _aIncluye referencias bibliográficas y notas al pie de las páginas. | ||
| 500 | _aIncluye bibliografía al final decada capítulo | ||
| 505 | 0 |
_aPrólogo -- _tCronología del programa de arqueología y antropología / _rEugenio Pérez Montás y Esteban Prieto Vicioso -- _tEl asentamiento prehistórico / _rHarold Olsen Bogaert -- _tExcavaciones arqueológicas en el presbiterio -- _rHarold Olsen Bogaert, Fabio Pimentel Fernández, Abelardo Jiménez Lambertus -- _tExcavaciones arqueológicas en las naves / _rHarold Olsen Bogaert, Fabio Pimentel Fernández, Abelardo Jiménez Ambertus, Francisco Coste -- _tExcavaciones arqueológicas en la Capilla Nuestra Señora de la Antigua / _rHarold Olsen Bogaert -- _tInvestigaciones arqueológicas en otras áreas de la Catedral / _rHarold Olsen Bogaert, Abelardo Jiménez Lambertus, Francisco Coste -- _tApéndice. |
|
| 590 | _aInventariado, 2024/BT | ||
| 650 | 4 |
_aCatedral de Santo Domingo _xExcavaciones arqueológicas _974223 |
|
| 650 | 4 |
_aExcavaciones arqueológicas _zRepública Dominicana _974224 |
|
| 700 | 1 |
_aCastro S., Heriberto de, _eprologuista _4pr. _974225 |
|
| 700 | 1 |
_aPérez Montás, Eugenio, _ecoordinador _4coord. _913156 |
|
| 700 | 1 |
_aPrieto Vicioso, Esteban, _ecoordinador _4coord. _956663 |
|
| 942 |
_2ddc _cLBS1 |
||
| 999 |
_c45668 _d45668 |
||